[Event "Dortmund op-A"]
[Site "Dortmund"]
[Date "2007.06.30"]
[Round "8"]
[White "Drose, Daniela"]
[Black "Alvarez, Luis"]
[Result "0-1"]
[WhiteElo "1866"]
[BlackElo "1848"]
[PlyCount "149"]
[EventDate "2007.06.22"]
[EventType "swiss"]
[EventRounds "9"]
[EventCountry "GER"]
[SourceTitle "EXT 2008"]
[Source "ChessBase"]
[SourceDate "2007.11.25"]
[SourceVersion "1"]
[SourceVersionDate "2007.11.25"]
[SourceQuality "1"]

1. e4 d5 2. exd5 Qxd5 3. Nc3 Qa5 4. d4 c6 5. Bd2 Qc7 6. g3 Bf5 7. Bf4 Qb6 8. Na4 Qd8 9. Bg2 e6 10. Nc5 Bxc5 11. dxc5 Qa5+ 12. c3 Qxc5 13. Bd6 Qb6 14. Qd2 Nf6 15. 0-0-0 Nbd7 16. Ne2 Qxf2 17. Nf4 Qxd2+ 18. Rxd2 Be4 19. Re1 Bxg2 20. Rxg2 0-0-0 21. g4 Nb6 22. Be5 Nbd7 23. Bd6 Rhg8 24. g5 Nd5 25. Nxd5 cxd5 26. Rf2 Nb6 27. Be7 Rd7 28. Rxf7 Kc7 29. Rxe6 Nc8 30. g6 hxg6 31. Kd2 Re8 32. Rxg7 Rdxe7 33. Rexg6 Rxg7 34. Rxg7+ Re7 35. Rg5 Rh7 36. Rxd5 Rxh2+ 37. Kc1 Nb6 38. Rd2 Rxd2 39. Kxd2 Nc4+ 40. Kc2 Kc6 41. b3 Ne5 42. c4 a5 43. Kc3 Kc5 44. a3 Nc6 45. Kd3 b5 46. cxb5 Kxb5 47. Kc3 Ne7 48. Kd4 Nf5+ 49. Ke4 Ng3+ 50. Kf3 Nf5 51. Ke4 Ne7 52. Kd4 Nc6+ 53. Kc3 Ne5 54. Kd4 Nf3+ 55. Ke3 Ne1 56. Kd2 Ng2 57. Kd3 Nf4+ 58. Ke3 Nd5+ 59. Kd4 Kc6 60. b4 a4 61. b5+ Kd6 62. Kc4 Nb6+ 63. Kb4 Kd5 64. Kc3 Kc5 65. Kb2 Kxb5 66. Kc3 Nc4 67. Kc2 Nxa3+ 68. Kb2 Nc4+ 69. Ka2 Kb4 70. Ka1 Kb3 71. Kb1 Ne3 72. Ka1 a3 73. Kb1 a2+ 74. Kc1 a1Q+ 75. Kd2 0-1

[Event "Dortmund op-A"]
[Site "Dortmund"]
[Date "2007.06.28"]
[Round "6"]
[White "Drose, Daniela"]
[Black "Dyballa, Gerhard"]
[Result "1/2-1/2"]
[WhiteElo "1866"]
[BlackElo "2046"]
[PlyCount "36"]
[EventDate "2007.06.22"]
[EventType "swiss"]
[EventRounds "9"]
[EventCountry "GER"]
[SourceTitle "EXT 2008"]
[Source "ChessBase"]
[SourceDate "2007.11.25"]
[SourceVersion "1"]
[SourceVersionDate "2007.11.25"]
[SourceQuality "1"]

1. e4 e6 2. d3 d5 3. Nd2 c5 4. Ngf3 Nc6 5. g3 g6 6. Bg2 Bg7 7. 0-0 d4 8. Re1 e5 9. Nf1 Nf6 10. c3 0-0 11. cxd4 cxd4 12. b4 Bg4 13. Qb3 h6 14. a4 Be6 15. Qb1 Nd7 16. N1d2 Re8 17. Nc4 Nb6 18. b5 Nxc4 1/2-1/2

[Event "Dortmund Sparkassen op-A"]
[Site "Dortmund"]
[Date "2006.08.06"]
[Round "9"]
[White "Czygan, Dana"]
[Black "Drose, Daniela"]
[Result "1/2-1/2"]
[WhiteElo "1720"]
[BlackElo "1719"]
[PlyCount "115"]
[EventDate "2006.07.28"]
[EventType "swiss"]
[EventRounds "9"]
[EventCountry "GER"]
[SourceTitle "CBM 113 Extra"]
[Source "ChessBase"]
[SourceDate "2006.09.14"]
[SourceVersion "1"]
[SourceVersionDate "2006.09.14"]
[SourceQuality "1"]

1. e4 c5 2. Nf3 g6 3. c3 Nc6 4. d4 cxd4 5. cxd4 Bg7 6. Be3 Nf6 7. Nc3 d6 8. Be2 Bd7 9. 0-0 0-0 10. Qd2 Re8 11. Rfd1 a6 12. Rac1 Rc8 13. a3 Na5 14. Qd3 Nc4 15. Rc2 Nxe3 16. Qxe3 Ba4 17. Rdc1 Bxc2 18. Rxc2 b5 19. Rd2 Qb6 20. h3 e5 21. Qd3 Nh5 22. g3 exd4 23. Nxd4 Bxd4 24. Qxd4 Qxd4 25. Rxd4 Nf6 26. f3 Rc6 27. Kf2 Nd7 28. Rd2 Rec8 29. f4 Nb6 30. Ke3 Kf8 31. Rd4 Ke7 32. Bd3 Nc4+ 33. Bxc4 Rxc4 34. Rd3 Ke6 35. g4 f5 36. exf5+ gxf5 37. gxf5+ Kxf5 38. Rd5+ Ke6 39. Rh5 Rxc3+ 40. bxc3 Rxc3+ 41. Kd4 Rxa3 42. Rxh7 b4 43. Rh6+ Kf5 44. Rxd6 Kxf4 45. Kc4 a5 46. Rd4+ Ke5 47. Rd5+ Ke6 48. Rh5 b3 49. Kc3 a4 50. Rb5 Ra1 51. Rb4 Ra2 52. h4 Kd5 53. h5 Rc2+ 54. Kd3 Kc5 55. Rxa4 Ra2 56. Rh4 b2 57. Kc2 Ra8 58. Kxb2 1/2-1/2

[Event "Dortmund Sparkassen op-A"]
[Site "Dortmund"]
[Date "2006.08.05"]
[Round "8"]
[White "Drose, Daniela"]
[Black "Sieberg, Rolf"]
[Result "1/2-1/2"]
[WhiteElo "1719"]
[BlackElo "2004"]
[PlyCount "84"]
[EventDate "2006.07.28"]
[EventType "swiss"]
[EventRounds "9"]
[EventCountry "GER"]
[SourceTitle "CBM 113 Extra"]
[Source "ChessBase"]
[SourceDate "2006.09.14"]
[SourceVersion "1"]
[SourceVersionDate "2006.09.14"]
[SourceQuality "1"]

1. c4 Nf6 2. Nf3 g6 3. g3 Bg7 4. Bg2 0-0 5. 0-0 d6 6. d3 Bd7 7. Nc3 Qc8 8. Re1 Bh3 9. Bh1 Nc6 10. Bd2 e5 11. Qc1 Re8 12. Bh6 Bh8 13. Ng5 Bd7 14. Nge4 Nxe4 15. Bxe4 Nd4 16. Bg5 c6 17. Bg2 f6 18. Bd2 Bh3 19. Ne4 Bxg2 20. Kxg2 Qe6 21. e3 Nf5 22. Qd1 d5 23. Nc5 Qe7 24. Nb3 dxc4 25. dxc4 Rad8 26. Qe2 Nd6 27. Bb4 Qe6 28. Bxd6 Rxd6 29. Rad1 Red8 30. Rxd6 Rxd6 31. Nc5 Qf7 32. Rd1 Rxd1 33. Qxd1 b6 34. Qd8+ Kg7 35. Nd7 c5 36. a3 h5 37. b4 cxb4 38. axb4 Kh7 39. c5 Qd5+ 40. Kg1 Qd1+ 41. Kg2 Qd5+ 42. Kg1 Qd1+ 1/2-1/2